Online Catalogue and eLibrary

Reversed realities : (Record no. 2594)

MARC details
000 -LEADER
fixed length control field 00485nam a2200193Ia 4500
005 - DATE AND TIME OF LATEST TRANSACTION
control field 20240610011536.0
008 - FIXED-LENGTH DATA ELEMENTS--GENERAL INFORMATION
fixed length control field 240331s9999 xx 000 0 und d
020 ## - INTERNATIONAL STANDARD BOOK NUMBER
ISBN 8185107750
082 ## - DDC Classification
Item Number - Author Mark KAB
Class No. 331.4
100 ## - MAIN ENTRY--PERSONAL NAME
Personal name Kabeer, Naila
245 #0 - TITLE STATEMENT
Title Reversed realities :
Remainder of title gender hierarchies in development thought
250 ## - EDITION STATEMENT
Edition statement 2 nd
260 ## - PUBLICATION, DISTRIBUTION, ETC.
Place of publication, distribution, etc. New Delhi
Name of publisher, distributor, etc. Kali For Women
Date of publication, distribution, etc. 1996
300 ## - PHYSICAL DESCRIPTION
Extent (e.g. Volumes, Pages etc.) xix, 346 p .,
650 ## - SUBJECT ADDED ENTRY--TOPICAL TERM
Topical term or geographic name entry element Woman
650 ## - SUBJECT ADDED ENTRY--TOPICAL TERM
Topical term or geographic name entry element Gender
650 ## - SUBJECT ADDED ENTRY--TOPICAL TERM
Topical term or geographic name entry element Social
942 ## - Koha item type (Biblio)
Koha item type Books in Stacks (Lending)
Holdings
Lost status Damaged status Collection code Home library Current library Shelving location Date acquired Full call number Accession Number Item type
    Lending WERC Library WERC Library Social Science Cupboard 03/31/2024 331.4 KAB 2326 Books in Stacks (Lending)

© WERC Library